| 000 | 00603nam a2200193 4500 | ||
|---|---|---|---|
| 001 | 127523 | ||
| 003 | ES-MaACL | ||
| 005 | 20250905063048.0 | ||
| 007 | t| | ||
| 008 | 070214s1968 sp r ||||1| spa d | ||
| 100 | 1 |
_aRisco, Vicente, _d1884-1963 _997461 |
|
| 245 | 1 | 0 |
_aOrden y caos _b: (exégesis de los mitos) / _cVicente Risco ; prólogo y notas de Luis Cencillo. |
| 260 |
_aMadrid : _bPrensa Española, _c1968. |
||
| 300 |
_a190 p. ; _c19 cm. |
||
| 650 | 4 |
_aMitología. _915092 |
|
| 700 | 1 |
_aCencillo, Luis. _937397 |
|
| 852 |
_aES-MaACL _jC-34781 _bR.66528 |
||
| 999 |
_c127523 _d127523 |
||